000 00314nam a2200109Ia 4500
008 200302s9999 xx 000 0 und d
100 _aAlfred G. Geeson
245 _aBuilding Science Structures for Student of Architecture & Building
260 _bThe English Universities Press Ltd
260 _c1967
300 _a412 P.,
999 _c23
_d23